| 000 | 00600nam a2200229Ia 4500 | ||
|---|---|---|---|
| 001 | dia_7773 | ||
| 003 | CHAP | ||
| 008 | 220117s1968 xx 000 0 und d | ||
| 010 | _a179160 | ||
| 040 | _cCHAP | ||
| 090 | _aF 1013 199-? | ||
| 100 |
_aRamírez Romero, Seth _994244 |
||
| 245 |
_a¿Hacia dónde? : la universidad necesita un cambio / _c Seth Ramírez Romero |
||
| 260 |
_aMéxico : _b UACh, _c1968 |
||
| 300 | _a13 p. | ||
| 901 | _aF 1013 199-? | ||
| 902 | _aM | ||
| 905 | _a5232271968 mx dn 8226222322spa16 | ||
| 942 | _c12 | ||
| 942 | _c12 | ||
| 999 |
_c179160 _d179160 |
||